00458pab a2200157 454500008004000000100002500040245008100065260000900146300001500155362001200170650001000182650001900192650002200211700002300233773004400256180718b1983 xxu||||| |||| 00| 0 eng d aMaheshwari, Rajendra aAccountability through performance budgeting: Experience in commercial banks c1983 ap.651-659. aJul-Sep aBanks aAccountability aBudgetary control aMaheshwari, Pushpa aIndian Journal of Public Administration